[Event "ODJM B 2017"]
[Site "Willingen GER"]
[Date "2017.06.07"]
[Round "6"]
[White "Hoffmann, Kay"]
[Black "Langer, Paul Georg"]
[Result "1/2-1/2"]
[Termination "normal"]
[Board "9"]
[WhiteElo "1059"]
[BlackElo "1414"]
[PlyCount "45"]
[WhiteFideId "16227000"]
[BlackFideId "16230051"]
[EventCountry "GER"]
[EventRounds "9"]
[EventType "swiss"]
[EventDate "2017.06.03"]

1. d4 c5 2. e3 cxd4 3. exd4 d5 4. f4 Nc6 5. c3 g6 6. Nf3 Nh6 7. Bd3 Bf5 8. O-O
Bg7 9. Ne5 Nxe5 10. fxe5 Bxd3 11. Qxd3 O-O 12. Qh3 Qc8 13. Qxc8 Raxc8 14. Bg5
e6 15. Be7 Rfe8 16. Bg5 Nf5 17. g4 Ne7 18. Nd2 h6 19. Be3 Rf8 20. Rf2 b6 21.
Raf1 Rc7 22. h4 a6 23. g5 1/2-1/2

[Event "ODJM B 2017"]
[Site "Willingen GER"]
[Date "2017.06.07"]
[Round "6"]
[White "Ljuca, Semir"]
[Black "Schilay, Maria"]
[Result "1/2-1/2"]
[Termination "normal"]
[Board "10"]
[WhiteElo "1263"]
[BlackElo "1322"]
[PlyCount "70"]
[WhiteFideId "16216130"]
[BlackFideId "12942979"]
[EventCountry "GER"]
[EventRounds "9"]
[EventType "swiss"]
[EventDate "2017.06.03"]

1. e4 e5 2. Nf3 Nc6 3. Bc4 Nf6 4. Ng5 d5 5. exd5 Nd4 6. c3 b5 7. Bf1 Nxd5 8.
cxd4 Qxg5 9. Bxb5+ Kd8 10. O-O Bb7 11. Qf3 Rb8 12. Nc3 Nxc3 13. dxc3 Qxg2+ 14.
Qxg2 Bxg2 15. Kxg2 Rxb5 16. dxe5 Rxe5 17. Rd1+ Bd6 18. Bf4 Re6 19. Bxd6 Rxd6
20. Rxd6+ cxd6 21. Re1 Kd7 22. Re4 Rb8 23. b3 Rb7 24. Rh4 h6 25. Rg4 g6 26. Rf4
Ke6 27. Re4+ Kf5 28. Kf3 Kf6 29. Rb4 Re7 30. Re4 Rc7 31. Rc4 Re7 32. Re4 Rd7
33. Rf4+ Ke7 34. Re4+ Kf6 35. Rf4+ Ke7 1/2-1/2

[Event "ODJM B 2017"]
[Site "Willingen GER"]
[Date "2017.06.07"]
[Round "6"]
[White "Eichstaedt, Ina"]
[Black "Wirth, Tobias"]
[Result "0-1"]
[Termination "normal"]
[Board "11"]
[WhiteElo "1215"]
[BlackElo "1383"]
[PlyCount "76"]
[WhiteFideId "1270265"]
[BlackFideId "16230213"]
[EventCountry "GER"]
[EventRounds "9"]
[EventType "swiss"]
[EventDate "2017.06.03"]

1. f4 Nf6 2. Nf3 d5 3. e3 c5 4. c3 g6 5. d4 b6 6. Bd3 Bg7 7. Qe2 O-O 8. O-O Bg4
9. Nbd2 Nc6 10. h3 Bd7 11. Ne5 Nh5 12. Qf3 e6 13. Nxd7 Qxd7 14. g4 Nf6 15. b3
Ne8 16. Bb2 f6 17. Qg2 Nc7 18. Nf3 Rae8 19. Rae1 e5 20. fxe5 fxe5 21. Bc2 cxd4
22. exd4 e4 23. Nd2 Rxf1+ 24. Nxf1 b5 25. Ng3 Ne6 26. Bc1 Qe7 27. Ne2 Ng5 28.
Bxg5 Qxg5 29. Ng3 Na5 30. Qf2 Rf8 31. Qe3 Bh6 32. Qxg5 Bxg5 33. Rf1 Rc8 34. Ne2
Kg7 35. Kg2 Bd2 36. c4 bxc4 37. bxc4 Nxc4 38. Kf2 Rf8+ 0-1

[Event "ODJM B 2017"]
[Site "Willingen GER"]
[Date "2017.06.07"]
[Round "6"]
[White "Borgmann, Simon"]
[Black "Trampnau, Jan-Niklas"]
[Result "1-0"]
[Termination "normal"]
[Board "12"]
[WhiteElo "1647"]
[BlackElo "1141"]
[PlyCount "67"]
[WhiteFideId "16234677"]
[BlackFideId "16245156"]
[EventCountry "GER"]
[EventRounds "9"]
[EventType "swiss"]
[EventDate "2017.06.03"]

1. d4 d5 2. Nf3 c6 3. e3 Bg4 4. c4 e6 5. Nc3 Nf6 6. a3 Nbd7 7. cxd5 exd5 8. Be2
Be7 9. O-O O-O 10. Qc2 Re8 11. Nd2 Qc7 12. Qd1 Bxe2 13. Nxe2 Ng4 14. Ng3 Ngf6
15. Re1 Bd6 16. Ndf1 Ne4 17. Nf5 Bf8 18. Nd2 Ndf6 19. Nxe4 Nxe4 20. Ng3 Nxg3
21. hxg3 Bd6 22. Bd2 Re6 23. Qb3 Rg6 24. e4 dxe4 25. Rxe4 Qd7 26. Rae1 Bf8 27.
Bb4 a5 28. Bxf8 Rxf8 29. Re7 Qf5 30. Qxb7 Qb5 31. Qc8 f5 32. Re8 Rgf6 33. Rxf8+
Rxf8 34. Re8 1-0

[Event "ODJM B 2017"]
[Site "Willingen GER"]
[Date "2017.06.07"]
[Round "6"]
[White "Senechal, Niklas Bennett"]
[Black "Jung, Melanie"]
[Result "0-1"]
[Termination "normal"]
[Board "13"]
[WhiteElo "1399"]
[BlackElo "1359"]
[PlyCount "82"]
[WhiteFideId "16231180"]
[BlackFideId "16222911"]
[EventCountry "GER"]
[EventRounds "9"]
[EventType "swiss"]
[EventDate "2017.06.03"]

1. e4 e5 2. Nf3 Nc6 3. Bb5 a6 4. Ba4 Nf6 5. O-O Be7 6. Nc3 b5 7. Bb3 d6 8. h3
Na5 9. Re1 Nxb3 10. axb3 Bd7 11. d3 c5 12. Ne2 O-O 13. Ng3 Re8 14. c4 Qc7 15.
Bd2 b4 16. Qc2 h6 17. Nh4 Nh7 18. Nhf5 Bxf5 19. Nxf5 Bg5 20. Ra2 Ra7 21. Rea1
Rea8 22. Qd1 Bxd2 23. Qxd2 Ng5 24. Qe2 Kf8 25. Qg4 Qd7 26. f4 exf4 27. Qxf4 Ne6
28. Qxd6+ Qxd6 29. Nxd6 Nd4 30. Nb5 Nxb3 31. Nxa7 Nxa1 32. Rxa1 Rxa7 33. Ra5
Rd7 34. Rxc5 Rxd3 35. Rd5 Rxd5 36. exd5 a5 37. Kf2 a4 38. Ke2 a3 39. d6 Ke8 40.
Kd2 a2 41. c5 a1=Q 0-1

[Event "ODJM B 2017"]
[Site "Willingen GER"]
[Date "2017.06.07"]
[Round "6"]
[White "Bakalarz, Adrian"]
[Black "Fricke, Janek Konrad"]
[Result "0-1"]
[Termination "normal"]
[Board "14"]
[WhiteElo "1039"]
[BlackElo "1449"]
[PlyCount "130"]
[WhiteFideId "12955809"]
[BlackFideId "12997471"]
[EventCountry "GER"]
[EventRounds "9"]
[EventType "swiss"]
[EventDate "2017.06.03"]

1. e4 c5 2. d4 cxd4 3. c3 d3 4. Bxd3 Nc6 5. Nf3 g6 6. O-O Bg7 7. Nbd2 d6 8. h3
Nf6 9. Nb3 O-O 10. Qe2 Be6 11. Nbd4 Nd7 12. Bb5 Qb6 13. Be3 Qc7 14. Ng5 Nxd4
15. cxd4 Nf6 16. Bf4 Nh5 17. Bh2 Bxd4 18. Rac1 Qb6 19. a3 a6 20. Bc4 Bxc4 21.
Rxc4 Qxb2 22. Qd3 Bc5 23. e5 Qxa3 24. Rc3 Qb4 25. Rc4 Qb5 26. e6 f6 27. Nf7
Rac8 28. Rfc1 d5 29. R4c3 Qxd3 30. Rxd3 Bxf2+ 31. Kxf2 Rxc1 32. g4 Rc2+ 33. Kg1
Rxh2 34. gxh5 Re2 35. Nh6+ Kg7 36. Ng4 Rxe6 37. Rxd5 gxh5 38. Rxh5 f5 39. Nh2
Re4 40. Nf3 Kg6 41. Rh4 Rxh4 42. Nxh4+ Kg5 43. Nf3+ Kf4 44. Kf2 a5 45. Nd4 Ke4
46. Ne6 a4 47. Nxf8 a3 48. Ne6 a2 49. Nc5+ Kd4 50. Nb3+ Kc3 51. Na1 Kb2 52. Ke2
Kxa1 53. Kd2 Kb2 54. Kd3 a1=Q 55. Kc4 Qa3 56. Kb5 Qc3 57. Kb6 Qc4 58. Ka7 b5
59. Ka6 b4+ 60. Ka7 Qb5 61. h4 Kc3 62. h5 Kc4 63. h6 Kc5 64. Ka8 Kc6 65. Ka7
Qb7# 0-1

[Event "ODJM B 2017"]
[Site "Willingen GER"]
[Date "2017.06.07"]
[Round "6"]
[White "Bayer, Oliver"]
[Black "König, Dominik"]
[Result "1/2-1/2"]
[Termination "normal"]
[Board "15"]
[WhiteElo "1284"]
[BlackElo "1150"]
[PlyCount "158"]
[WhiteFideId "16243978"]
[BlackFideId "16245148"]
[EventCountry "GER"]
[EventRounds "9"]
[EventType "swiss"]
[EventDate "2017.06.03"]

1. e4 e6 2. d4 d5 3. e5 c5 4. c3 Nc6 5. Nf3 Qb6 6. Bd3 cxd4 7. cxd4 Nxd4 8.
Nxd4 Bc5 9. Bb5+ Ke7 10. Be3 Bxd4 11. Qxd4 Qxb5 12. Qc5+ Qxc5 13. Bxc5+ Kd7 14.
Bf8 Ne7 15. Bxg7 Rg8 16. Bf6 Rxg2 17. Bh4 Rg4 18. Bg3 Rb4 19. b3 Nc6 20. Nd2
Ke7 21. O-O-O f6 22. Rhe1 fxe5 23. Bxe5 Nxe5 24. Rxe5 Rh4 25. Nf3 Rh3 26. Re3
b6 27. Rdd3 Bb7 28. a3 d4 29. Nxd4 Rxe3 30. Rxe3 Rc8+ 31. Kb2 Bd5 32. Nf5+ Kd7
33. Nd4 Rg8 34. Rh3 Be4 35. Rh4 Bg6 36. Nf3 Ke7 37. Ne5 Rf8 38. f3 Kd6 39. Nxg6
hxg6 40. Rh3 Kd5 41. Kc3 Ke5 42. Kd3 Rc8 43. Rh7 a6 44. Rg7 Kf6 45. Rb7 Rc6 46.
Ra7 a5 47. b4 Rd6+ 48. Ke3 Rd5 49. Ra6 axb4 50. axb4 Rb5 51. Ra4 Re5+ 52. Kf2
Kf5 53. Kg3 g5 54. Ra3 Rd5 55. Ra8 Rb5 56. Rf8+ Kg6 57. Re8 e5 58. Rg8+ Kf6 59.
Rf8+ Kg7 60. Rd8 Rxb4 61. Rd6 e4 62. fxe4 b5 63. e5 Re4 64. Rd5 b4 65. e6 Rxe6
66. Rb5 Re4 67. Rxg5+ Kf6 68. Rb5 Ke6 69. h4 Kd6 70. Rb8 Kc5 71. h5 Kc4 72. h6
Re7 73. Kg4 b3 74. Kg5 Kc3 75. Kg6 Kc2 76. h7 Rxh7 77. Kxh7 b2 78. Rc8+ Kd3 79.
Rd8+ Kc2 1/2-1/2

[Event "ODJM B 2017"]
[Site "Willingen GER"]
[Date "2017.06.07"]
[Round "6"]
[White "Guo, Philipp Ziming"]
[Black "Abicht, Aruna Sophia"]
[Result "1/2-1/2"]
[Termination "normal"]
[Board "16"]
[WhiteElo "1070"]
[BlackElo "1281"]
[PlyCount "75"]
[WhiteFideId "16245199"]
[EventCountry "GER"]
[EventRounds "9"]
[EventType "swiss"]
[EventDate "2017.06.03"]

1. e4 e5 2. Nf3 Nc6 3. d4 exd4 4. c3 d5 5. exd5 Qxd5 6. cxd4 Bg4 7. Be2 O-O-O
8. Nc3 Qd7 9. Be3 Bxf3 10. Bxf3 Nxd4 11. Bxd4 Qxd4 12. Qxd4 Rxd4 13. O-O Rd2
14. Bg4+ Kb8 15. Rad1 Rxd1 16. Rxd1 Bd6 17. Nb5 Nf6 18. Nxd6 cxd6 19. Bf3 Rd8
20. Kf1 Kc7 21. Rc1+ Kd7 22. Bxb7 Rb8 23. Bc6+ Kd8 24. Rc2 Rc8 25. Ba4 Rxc2 26.
Bxc2 Kc7 27. f3 h6 28. Bb3 d5 29. Ke2 Kd6 30. Kd3 Kc5 31. a3 Nd7 32. Ba2 Ne5+
33. Kc3 d4+ 34. Kc2 a5 35. h3 f6 36. Be6 Ng6 37. g3 Ne5 38. f4 1/2-1/2

[Event "ODJM B 2017"]
[Site "Willingen GER"]
[Date "2017.06.07"]
[Round "6"]
[White "Duong, Nhat-Minh"]
[Black "Lorenz, Keana"]
[Result "1-0"]
[Termination "normal"]
[Board "17"]
[WhiteElo "936"]
[BlackElo "1270"]
[PlyCount "117"]
[WhiteFideId "16245261"]
[BlackFideId "12990248"]
[EventCountry "GER"]
[EventRounds "9"]
[EventType "swiss"]
[EventDate "2017.06.03"]

1. e4 c5 2. c3 Nc6 3. Bc4 g6 4. d4 cxd4 5. cxd4 Bg7 6. Nf3 d6 7. Be3 e6 8. Nc3
Nge7 9. Bb5 O-O 10. O-O a6 11. Ba4 b5 12. Bb3 Bb7 13. Re1 b4 14. Ne2 Na5 15.
Bc2 Rc8 16. Ng3 f5 17. exf5 exf5 18. Qd2 Nd5 19. Bg5 Qc7 20. Rac1 Nc4 21. Qe2
Nxb2 22. Bxf5 Qb8 23. Bxc8 Bxc8 24. Qxb2 h6 25. Bd2 a5 26. Qb3 Bb7 27. a3 Kh7
28. axb4 axb4 29. Bxb4 Ba8 30. Qa3 Nxb4 31. Rb1 Nc2 32. Rxb8 Nxa3 33. Rxf8 Bxf8
34. Ra1 d5 35. Kf1 Bc6 36. Rc1 Bb5+ 37. Ke1 Bb4+ 38. Nd2 Nc4 39. Ngf1 Nb2 40.
Rb1 Nd3+ 41. Ke2 Nf4+ 42. Ke3 Nxg2+ 43. Kf3 Nh4+ 44. Kg4 Bxd2 45. Nxd2 Bd3 46.
Rb7+ Kg8 47. Kxh4 h5 48. Nf3 Kf8 49. Ne5 Be4 50. Kg5 Kg8 51. Nxg6 Bd3 52. Ne7+
Kf7 53. Nxd5+ Ke6 54. Nf4+ Kd6 55. Nxd3 Kd5 56. Re7 Kxd4 57. f4 Kxd3 58. f5 Kd4
59. f6 1-0

[Event "ODJM B 2017"]
[Site "Willingen GER"]
[Date "2017.06.07"]
[Round "6"]
[White "Wagner, Margarethe"]
[Black "Schönweiler, Elisabeth"]
[Result "1/2-1/2"]
[Termination "normal"]
[Board "18"]
[WhiteElo "1293"]
[BlackElo "1341"]
[PlyCount "109"]
[WhiteFideId "16236947"]
[BlackFideId "12997005"]
[EventCountry "GER"]
[EventRounds "9"]
[EventType "swiss"]
[EventDate "2017.06.03"]

1. e4 e5 2. Nf3 Nc6 3. Bb5 a6 4. Ba4 b5 5. Bb3 Bc5 6. c3 d6 7. d3 h6 8. O-O Nf6
9. h3 O-O 10. Nbd2 Ne7 11. Re1 Ng6 12. Nf1 Re8 13. Ng3 Bd7 14. Bd2 Bb6 15. Rc1
Rc8 16. Be3 c6 17. Qd2 Bxe3 18. fxe3 Be6 19. Bxe6 fxe6 20. Kh1 Qd7 21. Qe2 Qf7
22. Rf1 Qe7 23. Nh2 Rf8 24. Ng4 Kh7 25. Nxf6+ Rxf6 26. Rxf6 Qxf6 27. Rf1 Qe7
28. Rf2 Rf8 29. Rxf8 Qxf8 30. Qf1 Qxf1+ 31. Nxf1 Kg8 32. g3 Kf7 33. Nd2 Ke7 34.
Kg2 Nf8 35. Kf3 g6 36. d4 exd4 37. exd4 Nd7 38. Ke3 Nb6 39. b3 Nd7 40. Nf3 Kf6
41. Kd3 e5 42. Ke3 Ke6 43. Kd3 Kf6 44. c4 b4 45. d5 c5 46. Ke3 Ke7 47. Nh2 Nf6
48. Kf3 Kf7 49. Ng4 Nxg4 50. Kxg4 Kg7 51. h4 Kf6 52. Kh3 Kf7 53. Kg4 Kf6 54.
Kf3 Kf7 55. g4 1/2-1/2

[Event "ODJM B 2017"]
[Site "Willingen GER"]
[Date "2017.06.07"]
[Round "6"]
[White "Hapke, Lara"]
[Black "Haase, Dominik"]
[Result "0-1"]
[Termination "normal"]
[Board "19"]
[WhiteElo "1347"]
[BlackElo "1468"]
[PlyCount "100"]
[WhiteFideId "12996572"]
[BlackFideId "16208781"]
[EventCountry "GER"]
[EventRounds "9"]
[EventType "swiss"]
[EventDate "2017.06.03"]

1. e4 e6 2. d4 d5 3. exd5 exd5 4. c4 Nf6 5. Nf3 Be7 6. Nc3 Be6 7. cxd5 Nxd5 8.
Bd3 Nd7 9. O-O O-O 10. Re1 c6 11. a3 Re8 12. Bc2 Qc7 13. Qd3 Nf8 14. Ne5 f6 15.
Nf3 Bf7 16. Bd2 Rad8 17. Rac1 Bd6 18. Bb3 Be7 19. Nxd5 Bxd5 20. Bxd5+ Rxd5 21.
Qc4 Qd7 22. Rcd1 Kh8 23. Bb4 Ng6 24. Bxe7 Rxe7 25. Rxe7 Nxe7 26. Re1 h6 27. Qe2
Nf5 28. Qd3 Nxd4 29. Nxd4 Rxd4 30. Qc2 Rd5 31. h3 Qf5 32. Qxf5 Rxf5 33. Re7 Rb5
34. b4 Kg8 35. Re8+ Kf7 36. Ra8 a6 37. Rd8 Rd5 38. Rxd5 cxd5 39. Kf1 Ke6 40.
Ke2 Ke5 41. Ke3 g5 42. f3 f5 43. g4 f4+ 44. Ke2 Kd4 45. Kd2 b5 46. Ke2 Kc3 47.
Kd1 Kd3 48. Kc1 Ke2 49. Kc2 d4 50. Kc1 d3 0-1

[Event "ODJM B 2017"]
[Site "Willingen GER"]
[Date "2017.06.07"]
[Round "6"]
[White "Kiefhaber, Tobias"]
[Black "von der Weyden, Louis"]
[Result "0-1"]
[Termination "normal"]
[Board "20"]
[WhiteElo "1093"]
[BlackElo "1366"]
[PlyCount "55"]
[WhiteFideId "16240693"]
[BlackFideId "16207050"]
[EventCountry "GER"]
[EventRounds "9"]
[EventType "swiss"]
[EventDate "2017.06.03"]

1. d4 e6 2. c4 Nf6 3. Nc3 b6 4. Nf3 Bb7 5. Bg5 Be7 6. e3 O-O 7. Be2 h6 8. Bh4
d5 9. O-O Nbd7 10. Qd3 Ne4 11. Bxe7 Qxe7 12. b3 Rfd8 13. Rac1 Rac8 14. cxd5
exd5 15. Nb5 Ba6 16. Qd1 Bxb5 17. Bxb5 Nb8 18. Nd2 Nd6 19. Bd3 c5 20. Qf3 Qg5
21. Rfe1 cxd4 22. exd4 Qxd2 23. Qd1 Qxc1 24. Qxc1 Rxc1 25. Rxc1 f5 26. Rc7 Rd7
27. Rc1 Kf7 28. Re1 0-1

[Event "ODJM B 2017"]
[Site "Willingen GER"]
[Date "2017.06.07"]
[Round "6"]
[White "Hierl, Johannes"]
[Black "Kessen, Fanny"]
[Result "1/2-1/2"]
[Termination "normal"]
[Board "22"]
[WhiteElo "1275"]
[BlackElo "1213"]
[PlyCount "59"]
[WhiteFideId "16235096"]
[BlackFideId "16217357"]
[EventCountry "GER"]
[EventRounds "9"]
[EventType "swiss"]
[EventDate "2017.06.03"]

1. e4 c5 2. Nc3 Nc6 3. f4 g6 4. Nf3 Bg7 5. Bc4 d6 6. d3 a6 7. a4 Nf6 8. O-O O-O
9. Qe1 Nd7 10. f5 Nde5 11. Nxe5 Nxe5 12. fxg6 hxg6 13. Bb3 Bf6 14. Nd5 Kg7 15.
Qf2 Rh8 16. Nxf6 exf6 17. Qg3 Qb6 18. Be3 Ng4 19. h3 Nxe3 20. Qxe3 Bd7 21. Kh2
Qc7 22. Rxf6 Kxf6 23. Rf1+ Bf5 24. exf5 gxf5 25. Qf4 Qd7 26. g4 Rae8 27. Qxf5+
Qxf5 28. Rxf5+ Kg7 29. Rxf7+ Kg6 30. Kg3 1/2-1/2

[Event "ODJM B 2017"]
[Site "Willingen GER"]
[Date "2017.06.07"]
[Round "6"]
[White "Schmidt, Pauline"]
[Black "Frank, Cillian"]
[Result "0-1"]
[Termination "normal"]
[Board "23"]
[WhiteElo "1244"]
[BlackElo "1065"]
[PlyCount "74"]
[WhiteFideId "16209850"]
[BlackFideId "16245202"]
[EventCountry "GER"]
[EventRounds "9"]
[EventType "swiss"]
[EventDate "2017.06.03"]

1. e4 c5 2. Nc3 Nc6 3. Nge2 Nf6 4. g3 g6 5. Bg2 Bg7 6. d3 d6 7. O-O Qb6 8. h3
O-O 9. Rb1 a5 10. Be3 e5 11. f4 Nd4 12. g4 h6 13. g5 Nh7 14. Nd5 Qd8 15. fxe5
Bxe5 16. gxh6 Qh4 17. Bxd4 cxd4 18. Qe1 Qxh6 19. Ne7+ Kh8 20. Nxc8 Raxc8 21.
Qxa5 Rxc2 22. Qe1 Qe3+ 23. Rf2 f5 24. Kf1 Ng5 25. h4 Ne6 26. Rf3 Qd2 27. Qxd2
Rxd2 28. exf5 gxf5 29. Rh3 Nc5 30. Nc1 b6 31. b4 Ne6 32. Bh1 Nf4 33. Rf3 Rd1+
34. Kf2 Rxh1 35. a3 Nh3+ 36. Kg2 Rh2+ 37. Kf1 Rg8 0-1

[Event "ODJM B 2017"]
[Site "Willingen GER"]
[Date "2017.06.07"]
[Round "6"]
[White "Grimm, Nicola Marie"]
[Black "Altgelt, Helene"]
[Result "1/2-1/2"]
[Termination "normal"]
[Board "24"]
[WhiteElo "1239"]
[BlackElo "985"]
[PlyCount "47"]
[WhiteFideId "12988987"]
[BlackFideId "16232020"]
[EventCountry "GER"]
[EventRounds "9"]
[EventType "swiss"]
[EventDate "2017.06.03"]

1. d4 Nf6 2. Bf4 g6 3. Nf3 Bg7 4. e3 d6 5. c3 O-O 6. Be2 Nbd7 7. Qc2 Re8 8.
Nbd2 e5 9. Bg5 h6 10. Bh4 b6 11. Bxf6 Qxf6 12. h4 Bb7 13. Bd3 Nf8 14. O-O-O Re6
15. g4 Bxf3 16. Nxf3 Qxf3 17. Be4 Qf6 18. Bxa8 Re8 19. Bc6 Rc8 20. Rdg1 Qe6 21.
a3 d5 22. Bb5 c6 23. Be2 c5 24. dxe5 1/2-1/2

[Event "ODJM B 2017"]
[Site "Willingen GER"]
[Date "2017.06.07"]
[Round "6"]
[White "Lorenz, Anouk"]
[Black "Robelly, David"]
[Result "1-0"]
[Termination "normal"]
[Board "25"]
[WhiteElo "1210"]
[BlackElo "1058"]
[PlyCount "63"]
[WhiteFideId "12990256"]
[BlackFideId "16236300"]
[EventCountry "GER"]
[EventRounds "9"]
[EventType "swiss"]
[EventDate "2017.06.03"]

1. e4 e5 2. Nf3 Nc6 3. Bc4 Nf6 4. d4 exd4 5. O-O Be7 6. e5 Ne4 7. Re1 f5 8.
Nbd2 d5 9. Bb3 b5 10. a4 Ba6 11. axb5 Bxb5 12. c4 Nxd2 13. cxb5 Nxf3+ 14. Qxf3
Nb4 15. Qxf5 Qd7 16. e6 Qxb5 17. Rd1 Rf8 18. Qxh7 Qe2 19. f3 d3 20. Qxg7 Nc2
21. Qg6+ Kd8 22. Bxc2 dxc2 23. Rf1 Bc5+ 24. Be3 Bxe3+ 25. Kh1 c1=Q 26. e7+ Kxe7
27. Qg7+ Rf7 28. Qe5+ Kd7 29. Raxc1 Rg8 30. Rxc7+ Kd8 31. Qd6+ Ke8 32. Rc8# 1-0

[Event "ODJM B 2017"]
[Site "Willingen GER"]
[Date "2017.06.07"]
[Round "6"]
[White "Youness, Fatima"]
[Black "Wilmink, Luca"]
[Result "1-0"]
[Termination "normal"]
[Board "26"]
[WhiteElo "1493"]
[BlackElo "968"]
[PlyCount "87"]
[WhiteFideId "16214404"]
[BlackFideId "16245253"]
[EventCountry "GER"]
[EventRounds "9"]
[EventType "swiss"]
[EventDate "2017.06.03"]

1. e4 c5 2. Nf3 Nc6 3. Nc3 g6 4. Bc4 Bg7 5. d3 e6 6. Be3 b6 7. O-O Nge7 8. Ne2
O-O 9. d4 cxd4 10. Nfxd4 Bb7 11. f3 d5 12. exd5 exd5 13. Bb3 Nf5 14. Nxf5 gxf5
15. c3 Kh8 16. Qxd5 Na5 17. Qxf5 Re8 18. Qf4 Qf6 19. Rfe1 Ba6 20. Qxf6 Bxf6 21.
Nd4 Bh4 22. g3 Rg8 23. Kf2 Bf6 24. Bxf7 Rgf8 25. Bb3 Bb7 26. f4 h6 27. Rad1 Kg7
28. Ne6+ Kf7 29. Nxf8+ Kxf8 30. Rd6 Bg7 31. Bd5 Bxd5 32. Rxd5 Nc4 33. Re2 a6
34. Bd4 Bxd4+ 35. cxd4 b5 36. Re6 Kg7 37. b3 Nd2 38. Rd7+ Kg8 39. Rxh6 Ne4+ 40.
Ke3 Nc3 41. f5 Nxa2 42. f6 Nb4 43. f7+ Kg7 44. f8=Q+ 1-0

[Event "ODJM B 2017"]
[Site "Willingen GER"]
[Date "2017.06.07"]
[Round "6"]
[White "Reuter, Marek"]
[Black "Butenandt, Albrecht"]
[Result "1-0"]
[Termination "normal"]
[Board "27"]
[WhiteElo "1649"]
[BlackElo "1031"]
[PlyCount "69"]
[WhiteFideId "16226712"]
[BlackFideId "16213424"]
[EventCountry "GER"]
[EventRounds "9"]
[EventType "swiss"]
[EventDate "2017.06.03"]

1. e4 c5 2. Nc3 Nc6 3. g3 g6 4. Bg2 Bg7 5. d3 Nf6 6. Be3 d6 7. f4 Be6 8. Nf3
O-O 9. O-O Ng4 10. Bd2 Nd4 11. Ng5 Bd7 12. f5 gxf5 13. exf5 Bxf5 14. Rxf5 Nxf5
15. Qxg4 e6 16. Qh5 h6 17. Nh3 Rb8 18. Be4 Qf6 19. Bxf5 exf5 20. Nd5 Qd4+ 21.
Ne3 Qxb2 22. Rf1 Qxa2 23. Nxf5 Qe6 24. Qg4 Qg6 25. Ne7+ Kh7 26. Nxg6 fxg6 27.
Rxf8 Rxf8 28. Nf4 Bd4+ 29. Kg2 Rg8 30. Qd7+ Bg7 31. Qf7 Kh8 32. Nxg6+ Kh7 33.
Bc3 b6 34. Nf8+ Rxf8 35. Qxg7# 1-0

[Event "ODJM B 2017"]
[Site "Willingen GER"]
[Date "2017.06.07"]
[Round "6"]
[White "Paeslack, Timo"]
[Black "Lohrmann, Linus"]
[Result "0-1"]
[Termination "normal"]
[Board "28"]
[WhiteElo "1041"]
[BlackElo "1422"]
[PlyCount "112"]
[WhiteFideId "12993522"]
[BlackFideId "12982857"]
[EventCountry "GER"]
[EventRounds "9"]
[EventType "swiss"]
[EventDate "2017.06.03"]

1. e4 e5 2. Nf3 Nc6 3. Nc3 Nf6 4. Bc4 Bc5 5. O-O d6 6. h3 O-O 7. d3 Be6 8. Bxe6
fxe6 9. Bg5 Qe8 10. Nb5 Rc8 11. Nh4 h6 12. Bd2 a6 13. Nc3 Nh5 14. Qe1 Ng3 15.
b4 Nxf1 16. bxc5 Nxd2 17. Qxd2 Qh5 18. g3 Nd4 19. Kg2 Nf3 20. Nxf3 Qxf3+ 21.
Kg1 b5 22. cxd6 cxd6 23. Nd1 d5 24. exd5 exd5 25. Qe3 Qxe3 26. Nxe3 d4 27. Nd5
Rxc2 28. Ne7+ Kh7 29. Rf1 Rxa2 30. f4 exf4 31. gxf4 Ra3 32. Rf3 b4 33. f5 b3
34. Ng6 b2 35. Nxf8+ Kg8 36. Ne6 b1=Q+ 37. Kg2 Ra2+ 38. Kg3 Qg1+ 39. Kf4 Rf2
40. Nxd4 Rxf3+ 41. Nxf3 Qc1+ 42. Ke4 a5 43. d4 a4 44. Ne5 Qc2+ 45. Kf4 a3 46.
d5 a2 47. d6 Qd2+ 48. Ke4 Qxd6 49. Nc4 Qb4 50. Kd4 a1=R 51. h4 Rd1+ 52. Ke5
Qxc4 53. h5 Rd5+ 54. Ke6 Qc6+ 55. Ke7 Rd7+ 56. Ke8 Qc8# 0-1

[Event "ODJM B 2017"]
[Site "Willingen GER"]
[Date "2017.06.07"]
[Round "6"]
[White "Ott, Linda"]
[Black "Frank, Marian"]
[Result "0-1"]
[Termination "normal"]
[Board "29"]
[WhiteElo "1075"]
[BlackElo "1343"]
[PlyCount "56"]
[WhiteFideId "12992453"]
[BlackFideId "16245059"]
[EventCountry "GER"]
[EventRounds "9"]
[EventType "swiss"]
[EventDate "2017.06.03"]

1. e4 e5 2. Nf3 Nc6 3. Bb5 a6 4. Ba4 Nf6 5. d3 Be7 6. h3 b5 7. Bb3 O-O 8. c3 d6
9. O-O Be6 10. Bc2 Qd7 11. Ng5 Rad8 12. Qf3 d5 13. Nxe6 fxe6 14. Qg3 Nh5 15.
Qg4 Nf4 16. g3 Ng6 17. h4 Bf6 18. h5 Nge7 19. h6 g6 20. Kg2 Kh8 21. Bd1 b4 22.
Bg5 a5 23. Rh1 Qd6 24. Nd2 Bxg5 25. Qxg5 dxe4 26. Nxe4 Qxd3 27. Nf6 Qf5 28.
Qxf5 exf5 0-1

[Event "ODJM B 2017"]
[Site "Willingen GER"]
[Date "2017.06.07"]
[Round "6"]
[White "Pham, Anh Tuan"]
[Black "Reuker, Ronja"]
[Result "0-1"]
[Termination "normal"]
[Board "30"]
[WhiteElo "1017"]
[BlackElo "1331"]
[PlyCount "64"]
[WhiteFideId "16245229"]
[BlackFideId "12947172"]
[EventCountry "GER"]
[EventRounds "9"]
[EventType "swiss"]
[EventDate "2017.06.03"]

1. e4 e5 2. Nf3 Nc6 3. d4 exd4 4. Nxd4 Nf6 5. Nc3 Bb4 6. Bg5 O-O 7. Nf3 Re8 8.
Bd3 d5 9. Nd2 Qd6 10. Bxf6 Qxf6 11. Nxd5 Bxd2+ 12. Qxd2 Qxb2 13. O-O Qe5 14.
Rae1 Be6 15. c3 Rad8 16. Bc4 Na5 17. Qe2 Nxc4 18. Qxc4 Bxd5 19. Qa4 a6 20. f4
Qxc3 21. Rd1 Bc6 22. Qb3 Qxb3 23. axb3 Rxd1 24. Rxd1 Bxe4 25. Rd7 c5 26. g3 g6
27. h4 b5 28. Rd2 h5 29. Rb2 Bd5 30. b4 cxb4 31. Rxb4 Bc4 32. Rb2 a5 0-1

[Event "ODJM B 2017"]
[Site "Willingen GER"]
[Date "2017.06.07"]
[Round "6"]
[White "Guo, Jacob Tingshen"]
[Black "Winterberg, Martin"]
[Result "0-1"]
[Termination "normal"]
[Board "31"]
[WhiteElo "971"]
[BlackElo "1207"]
[PlyCount "86"]
[WhiteFideId "16245245"]
[BlackFideId "16245091"]
[EventCountry "GER"]
[EventRounds "9"]
[EventType "swiss"]
[EventDate "2017.06.03"]

1. e4 c5 2. c3 Nc6 3. Nf3 d6 4. d4 cxd4 5. Nxd4 g6 6. Bb5 Bd7 7. Bc4 Nf6 8. Nd2
Bg7 9. O-O O-O 10. Bd3 e6 11. N2f3 d5 12. e5 Ng4 13. Ne1 Ngxe5 14. Bf4 Nxd3 15.
Qxd3 e5 16. Nxc6 bxc6 17. Bg3 e4 18. Qd2 Qb6 19. Bf4 Rac8 20. Be3 Qb7 21. f3 f5
22. Rd1 Rce8 23. Qc1 Qc7 24. Nc2 Bc8 25. Nd4 Ba6 26. Rf2 f4 27. Bd2 e3 28. Be1
exf2+ 29. Bxf2 c5 30. Ne2 Rxe2 31. Rxd5 Qb7 32. Rxc5 Qxb2 33. Qxb2 Rxb2 34. Ra5
Bc4 35. Rxa7 Rd8 36. Re7 Bxc3 37. h3 Rd1+ 38. Kh2 Rxf2 39. h4 Rdd2 40. Re2
Rdxe2 41. h5 Rxg2+ 42. Kh3 Be6+ 43. Kh4 Bf6# 0-1

[Event "ODJM B 2017"]
[Site "Willingen GER"]
[Date "2017.06.07"]
[Round "6"]
[White "Sohr, Jim"]
[Black "Schicks, Jonathan"]
[Result "1-0"]
[Termination "normal"]
[Board "32"]
[WhiteElo "1205"]
[BlackElo "741"]
[PlyCount "67"]
[WhiteFideId "16245105"]
[BlackFideId "16245296"]
[EventCountry "GER"]
[EventRounds "9"]
[EventType "swiss"]
[EventDate "2017.06.03"]

1. e4 e5 2. Nf3 Bc5 3. Nc3 Nc6 4. Bb5 a6 5. Ba4 Nf6 6. d3 h6 7. O-O Ng4 8. Qe2
d6 9. h3 h5 10. Be3 b5 11. Bb3 Nd4 12. Bxd4 exd4 13. Nd1 Qf6 14. Nh2 Qh6 15.
Qf3 f6 16. e5 dxe5 17. Qxa8 Qf4 18. Nxg4 hxg4 19. Qxc8+ Ke7 20. Qxh8 Bd6 21.
Qxg7+ Kd8 22. Qxg4 Qd2 23. Qf3 Kd7 24. Qxf6 e4 25. Qf5+ Kd8 26. Qxe4 a5 27. Re1
c5 28. Qe8+ Kc7 29. Qf7+ Kb6 30. Qe6 Ka7 31. Qd7+ Kb6 32. Qxd6+ Ka7 33. Re7+
Ka8 34. Qd8# 1-0